| 000 | 00000nas 2200000zi 4500 |
| 001 | 9.915443 |
| 003 | CaOODSP |
| 005 | 20240201140638 |
| 006 | m o d f |
| 007 | cr ||||||||||| |
| 008 | 220915c20219999abcar p o f0###b0fre|d |
| 040 | |aCaOODSP|bfre|erda|cCaOODSP |
| 043 | |an-cn--- |
| 086 | 1 |aNE2-32F-PDF |
| 110 | 2 |aRégie de l'énergie du Canada.|eauteur,|eorganisme de publication. |
| 245 | 10|aÉtat des résultats prospectif (non audité) pour l'exercice terminé le … |
| 246 | 13|aÉtat des résultats prospectif (non audité) pour l'exercice se terminant le ... |
| 264 | 1|a[Calgary] : |bRégie de l'énergie du Canada = Canada Energy Regulator, |c[2020]- |
| 310 | |aAnnuel |
| 336 | |atexte|btxt|2rdacontent/fre |
| 337 | |ainformatique|bc|2rdamedia/fre |
| 338 | |aressource en ligne|bcr|2rdacarrier/fre |
| 362 | 1 |aParaît depuis 2020-2021. |
| 500 | |aPublié aussi en anglais sous le titre : Future-oriented statement of operations (unaudited) for the year ending ... |
| 588 | |aDescription d'après : 2020-2021. |
| 588 | |aDernière livraison consultée : 2022-2023. |
| 610 | 26|aRégie de l'énergie du Canada|xCrédits budgétaires et dépenses|vPériodiques. |
| 650 | 6|aFinances publiques|zCanada|vPériodiques. |
| 655 | 7|aPériodiques|2rvmgf |
| 775 | 08|tFuture-oriented statement of operations (unaudited) for the year ending ...|w(CaOODSP)9.915432 |
| 780 | 00|tÉtat des résultats prospectif / |w(CaOODSP)9.933285 |